000 00997nam a22002897a 4500
003 CHAP
005 20220817042852.0
008 971013s1967 r 00010 d
010 _a58290
011 _a59262
035 _a63420
040 _cCHAP
082 _a632.72
_bS8
100 0 0 _aStortenbeker, C. W.
_9109915
245 _aObservations on the population dynamics of the red locust, Nomadacris septemfasciata (Serville) in its outbreak areas
260 _aWageningen :
_bCentre for Agricultural Publications and Documentation,
_c1967
300 _a118 p.
_b: ilus.
490 _aAgricultural research reports
_v; 694
590 _aBATCH-UPD
_b10
_c20130110
_lUCH01
_h0436
590 _aBATCH-UPD
_b10
_c20130110
_lUCH01
_h2138
590 _aCONVERSION
_b10
_c20130109
_lUCH01
_h1331
650 1 4 _aNomadacris septemfasciata.
_981630
830 0 _aAgricultural research reports
_v; 694
901 _aBK
942 _cLIBRO
949 _a632.72 S8
_bBC
_cLIBRO
_d-136226
_eLIBRO
_h15957
_i63420
_si
999 _c58290
_d58290